| 000 | 00697nas a2200241 i 4500 | ||
|---|---|---|---|
| 001 | 2867 | ||
| 003 | ES-MaACL | ||
| 005 | 20250728110711.0 | ||
| 007 | t| | ||
| 008 | 020426d18781880sp | | 0 ||pa d | ||
| 080 | _a(460) | ||
| 080 | _a2 | ||
| 245 | 0 | 3 | _aLa Civilización católica. |
| 260 |
_aMadrid : _bM. Minuesa de los Ríos, _c1878-1880. |
||
| 300 |
_av. ; _c22 cm. |
||
| 362 | 0 | _a1878-1880. | |
| 500 | _aEs traducción de la revista italiana: Civiltáa cattolica. | ||
| 515 | _aEl v. 1º corresponde al 5º de la décima serie de Civiltáa cattolica. | ||
| 650 | 1 | 7 |
_aReligión _2embne _916797 |
| 852 |
_aES-MaACL _jG-367-70 |
||
| 866 | 0 | _o1878. | |
| 999 |
_c2867 _d2867 |
||